Pakistan pachaswin yaum a azadi kay mauqay per(پاکستان پچاسویں یوم آزادی کے موقع پر) (Record no. 101639)
[ view plain ]
| 000 -LEADER | |
|---|---|
| fixed length control field | 00604nam a22001457a 4500 |
| 005 - DATE AND TIME OF LATEST TRANSACTION | |
| control field | 20180222114213.0 |
| 008 - FIXED-LENGTH DATA ELEMENTS--GENERAL INFORMATION | |
| fixed length control field | 180115b xxu||||| |||| 00| 0 eng d |
| 040 ## - CATALOGING SOURCE | |
| Transcribing agency | PK-LaUMT |
| 082 ## - DEWEY DECIMAL CLASSIFICATION NUMBER | |
| Classification number | PKAC 320.95491 |
| Item number | KHU-P |
| 100 ## - MAIN ENTRY--PERSONAL NAME | |
| Personal name | Khurshid Ahmed |
| 245 ## - TITLE STATEMENT | |
| Title | Pakistan pachaswin yaum a azadi kay mauqay per(پاکستان پچاسویں یوم آزادی کے موقع پر) |
| Statement of responsibility, etc | Khurshid Ahmed |
| Remainder of title | 117426 , 117422 , 117518 , 117508 , 117509 , 117322 , 117511 , 117512 , 117521 , 117527 , 117516 , 117515 , 117513 , 117519 , 117528 |
| 260 ## - PUBLICATION, DISTRIBUTION, ETC. (IMPRINT) | |
| Place of publication, distribution, etc | لاہور: |
| Name of publisher, distributor, etc | منشورات، |
| Date of publication, distribution, etc | 1996 |
| 300 ## - PHYSICAL DESCRIPTION | |
| Extent | 15 |
| 942 ## - ADDED ENTRY ELEMENTS (KOHA) | |
| Koha item type | Books |
| Withdrawn status | Lost status | Damaged status | Home library | Current library | Date acquired | Full call number | Barcode | Date last seen | Price effective from | Koha item type |
|---|---|---|---|---|---|---|---|---|---|---|
| UMT Main Campus | UMT Main Campus | 2018-01-15 | PKAC 320.95491 KHU-P | 117514 | 2018-01-15 | 2018-01-15 | Books |
